00389nam a2200109Ia 4500008004100000020001800041245009800059260003100157440003300188650001700221856004100238171212s9999 xx 000 0 und d a9781783743186 ceditor Merolla, Daniela;Turin, MarkaSearching for SharingbHeritage and Multimedia in Africa bOpen Book Publishersc2017 aWorld Oral Literature Series aAnthropology uhttp://jstor.org/stable/j.ctt1sq5v1h